000 00407nam a22001817a 4500
003 OSt
005 20180116183021.0
008 151120b xxu||||| |||| 00| 0 eng d
020 _a0
040 _c0
082 _a813.54 LEW 1981
100 _aStephen Lewis
245 _aexpensive Pleasures
260 _aUSA
_busa
_c1981
300 _a382 p.
_bPB
440 _aexpensive Pleasures
942 _2ddc
_cBK
999 _c350591
_d350591